<?xml version="1.0" encoding="UTF-8"?>
<record
    xmlns:xsi="http://www.w3.org/2001/XMLSchema-instance"
    xsi:schemaLocation="http://www.loc.gov/MARC21/slim http://www.loc.gov/standards/marcxml/schema/MARC21slim.xsd"
    xmlns="http://www.loc.gov/MARC21/slim">

  <leader>00962nam a2200217 i 4500</leader>
  <controlfield tag="001">46682</controlfield>
  <controlfield tag="003">ES-MaACL</controlfield>
  <controlfield tag="005">20230906161428.0</controlfield>
  <controlfield tag="007">t|</controlfield>
  <controlfield tag="008">030331m19621963sp           ||||1| spa d</controlfield>
  <datafield tag="080" ind1=" " ind2=" ">
    <subfield code="a">908(234.12)(063)</subfield>
  </datafield>
  <datafield tag="111" ind1="2" ind2=" ">
    <subfield code="a">Congreso Internacional de Estudios Pirenaicos (</subfield>
    <subfield code="n">3&#xBA;. </subfield>
    <subfield code="d">1958. </subfield>
    <subfield code="c">Gerona)</subfield>
    <subfield code="9">427</subfield>
  </datafield>
  <datafield tag="245" ind1="1" ind2="0">
    <subfield code="a">Actas del tercer Congreso Internacional de Estudios Pirenaicos :</subfield>
    <subfield code="b">Gerona, 1958.</subfield>
  </datafield>
  <datafield tag="260" ind1=" " ind2=" ">
    <subfield code="a">Jaca : </subfield>
    <subfield code="b">Instituto de Estudios Pirenaicos, </subfield>
    <subfield code="c">[1962-1963]</subfield>
  </datafield>
  <datafield tag="300" ind1=" " ind2=" ">
    <subfield code="a">4 v. : </subfield>
    <subfield code="b">il. ; </subfield>
    <subfield code="c">24 cm.</subfield>
  </datafield>
  <datafield tag="505" ind1="8" ind2=" ">
    <subfield code="a">Contiene:  1. Secci&#xF3;n I. Geolog&#xED;a, morfolog&#xED;a y geof&#xED;sica (169 p.) -- 2. Secci&#xF3;n II. Climatolog&#xED;a, edafolog&#xED;a, bot&#xE1;nica y zoolog&#xED;a (227 p.) -- 4. Secci&#xF3;n IV. Geograf&#xED;a (130 p.) -- 6. Secci&#xF3;n VI. Filolog&#xED;a (225 p.)</subfield>
  </datafield>
  <datafield tag="546" ind1=" " ind2=" ">
    <subfield code="a">Textos en espa&#xF1;ol y franc&#xE9;s.</subfield>
  </datafield>
  <datafield tag="651" ind1=" " ind2="4">
    <subfield code="a">Pirineos-</subfield>
    <subfield code="v">Congresos y asambleas.</subfield>
    <subfield code="9">168001</subfield>
  </datafield>
  <datafield tag="710" ind1="2" ind2=" ">
    <subfield code="a">Instituto de Estudios Pirenaicos.</subfield>
    <subfield code="9">4922</subfield>
  </datafield>
  <datafield tag="852" ind1="4" ind2=" ">
    <subfield code="a">ES-MaACL</subfield>
    <subfield code="j">P-743</subfield>
  </datafield>
  <datafield tag="999" ind1=" " ind2=" ">
    <subfield code="c">46682</subfield>
    <subfield code="d">46682</subfield>
  </datafield>
  <datafield tag="952" ind1=" " ind2=" ">
    <subfield code="0">0</subfield>
    <subfield code="1">0</subfield>
    <subfield code="4">0</subfield>
    <subfield code="7">0</subfield>
    <subfield code="a">ATENEOM</subfield>
    <subfield code="b">ATENEOM</subfield>
    <subfield code="c">DEPO2</subfield>
    <subfield code="d">2008-01-17</subfield>
    <subfield code="e">SC</subfield>
    <subfield code="l">0</subfield>
    <subfield code="o">P-743</subfield>
    <subfield code="p">1049099</subfield>
    <subfield code="r">2023-02-23 00:00:00</subfield>
    <subfield code="w">2023-02-23</subfield>
    <subfield code="y">MONOGRAFIA</subfield>
  </datafield>
</record>
